000 01396nam a22003857a 4500
003 CHAP
005 20220817043235.0
008 971013s1989 r 00010 d
010 _a69327
011 _a70299
035 _a79780
040 _cCHAP
090 _aTesis
100 0 0 _aMagaña Lemus, Agustín.
_969789
245 _aEvaluación de tres productos bioestimulantes sobre la germinación y establecimiento inicial en semilla de soya (Glycine max (L.) Merril) bajo condiciones de invernadero
260 _aChapingo, Méx. :
_bEl autor,
_c1989
300 _a118 h.
_b: ilus.
500 _a33-231
502 _aTesis (Ing. Agrónomo. Esp. en Fitotecnia) -- UACH. Departamento de Fitotecnia
590 _aALEPH
_b10
_c20130110
_lUCH01
_h1407
590 _aBATCH-UPD
_b10
_c20130110
_lUCH01
_h0544
590 _aBATCH-UPD
_b10
_c20130410
_lUCH01
_h0225
590 _aBATCH-UPD
_b10
_c20130914
_lUCH01
_h1129
590 _aCONVERSION
_b10
_c20130109
_lUCH01
_h1338
650 1 4 _aCultivos en invernadero.
_930376
650 1 4 _aPlantas
_xCrecimiento
_xAditivos.
_988804
650 1 4 _aPlántulas
_xGerminación.
_989195
650 1 4 _aSoya
_xPlántulas.
_9109078
650 1 4 _aSoya
_xSemilla.
_9109087
710 _aUACH. Departamento de Fitotecnia
901 _aBK
942 _cFOLL
949 _bBC
_cTES
_d-32670
_eTS1
_h22377
_i79780
_si
949 _bBC
_cTES
_d-97711
_eTS2
_fc.2
_h22378
_i79780
_si
999 _c69327
_d69327